<?xml version="1.0" encoding="UTF-8"?><?xml-stylesheet type="text/xsl" href="static/style.xsl"?><OAI-PMH xmlns="http://www.openarchives.org/OAI/2.0/" xmlns:xsi="http://www.w3.org/2001/XMLSchema-instance" xsi:schemaLocation="http://www.openarchives.org/OAI/2.0/ http://www.openarchives.org/OAI/2.0/OAI-PMH.xsd"><responseDate>2026-06-05T12:19:02Z</responseDate><request verb="GetRecord" identifier="oai:riuma.uma.es:10630/12011" metadataPrefix="marc">https://riuma.uma.es/rest/oai/request</request><GetRecord><record><header><identifier>oai:riuma.uma.es:10630/12011</identifier><datestamp>2026-02-03T11:54:13Z</datestamp><setSpec>com_10630_2254</setSpec><setSpec>col_10630_37959</setSpec></header><metadata><record xmlns="http://www.loc.gov/MARC21/slim" xmlns:dcterms="http://purl.org/dc/terms/" xmlns:doc="http://www.lyncode.com/xoai" xmlns:xsi="http://www.w3.org/2001/XMLSchema-instance" xsi:schemaLocation="http://www.loc.gov/MARC21/slim http://www.loc.gov/standards/marcxml/schema/MARC21slim.xsd">
   <leader>00925njm 22002777a 4500</leader>
   <datafield ind2=" " ind1=" " tag="042">
      <subfield code="a">dc</subfield>
   </datafield>
   <datafield ind2=" " ind1=" " tag="720">
      <subfield code="a">Gandarias, Juan Manuel</subfield>
      <subfield code="e">author</subfield>
   </datafield>
   <datafield ind2=" " ind1=" " tag="720">
      <subfield code="a">Akbari-Kalhor, Sepehr</subfield>
      <subfield code="e">author</subfield>
   </datafield>
   <datafield ind2=" " ind1=" " tag="720">
      <subfield code="a">Gómez-de-Gabriel, Jesús Manuel</subfield>
      <subfield code="e">author</subfield>
   </datafield>
   <datafield ind2=" " ind1=" " tag="260">
      <subfield code="c">2016-09-14</subfield>
   </datafield>
   <datafield ind2=" " ind1=" " tag="520">
      <subfield code="a">En este artículo se presenta el uso de dispositivos de realimentación de fuerzas de un grado de libertad como herramienta para el desarrollo de aplicaciones docentes en asignaturas de teleoperación y telerrobótica, con el objetivo de disponer de una interfaz física que pueda ser utilizada como equipo&#xd;
de prácticas. Estos dispositivos, conocidos como haptic paddle, ya han sido probados satisfactoriamente para aplicaciones educativas de modelado y simulación de sistemas, ntroducción a los haptics e ingeniería de control en diversas Universidades. Para&#xd;
el desarrollo de los experimentos que se muestran en este artículo se han utilizado dos dispositivos haptic paddle con un controlador basado en Arduino y fabricados mediante tecnologías aditivas de impresión 3D. Gracias a los sensores de fuerza y posición incorporados se pueden implementar esquemas bilaterales de teleoperación de posicón-posición y fuerza-posición.</subfield>
   </datafield>
   <datafield ind1="8" ind2=" " tag="024">
      <subfield code="a">http://hdl.handle.net/10630/12011</subfield>
   </datafield>
   <datafield ind1="8" ind2=" " tag="024">
      <subfield code="a">http://orcid.org/orcid.org/0000-0001-5960-3453</subfield>
   </datafield>
   <datafield tag="653" ind2=" " ind1=" ">
      <subfield code="a">Robótica</subfield>
   </datafield>
   <datafield tag="653" ind2=" " ind1=" ">
      <subfield code="a">Educación</subfield>
   </datafield>
   <datafield ind2="0" ind1="0" tag="245">
      <subfield code="a">Diseño y uso de una paleta háptica para prácticas de teleoperación con simulink</subfield>
   </datafield>
</record>
</metadata></record></GetRecord></OAI-PMH>